| 000 | 01153nam a2200325 a 4500 | ||
|---|---|---|---|
| 003 | CO-BoRNBP | ||
| 005 | 20241018100003.0 | ||
| 007 | ta | ||
| 008 | 110223s2010 ck gr 0001p spa d | ||
| 020 | _a9789587530001 | ||
| 040 |
_aCO-BoBLA _bspa _cCO-BoBLA |
||
| 041 | 0 | _aspa | |
| 043 | _as-ck--- | ||
| 082 | 0 | 4 |
_aCo861.6 _bM17e16 _221 |
| 100 | 1 |
_aMartán Góngora, Helcías, _d1920-1984. _943276 |
|
| 240 | 1 | 0 | _aCauca-Bibliografía regional |
| 245 | 1 | 0 |
_aEvangelios del hombre y del paisaje : _bhumano litoral / _cHelcías Martán Góngora. |
| 250 | _a1a. edición | ||
| 300 |
_a173 p. ; _c21 cm. |
||
| 336 |
_2rdacontent _atexto _btxt |
||
| 337 |
_2rdamedia _asin mediación _bn |
||
| 338 |
_2rdacarrier _avolumen _bnc |
||
| 490 | 0 |
_aBiblioteca de literatura afrocolombiana ; _v11 |
|
| 650 | 7 |
_aPoesía colombiana. _ySiglo XX. _2BLAAUTO _91178 |
|
| 830 | 0 |
_aColección de documentos en Biblioteca Virtual _943277 |
|
| 830 | 0 |
_aMalcom Deas-Colección _943278 |
|
| 856 | 4 | 0 |
_uhttp://www.banrepcultural.org/blaavirtual/biblioteca-afrocolombiana/evangelios-humano-litoral-martan-gongora _zAcceso a texto completo |
| 942 |
_2ddc _cBK |
||
| 949 |
_ac _bc |
||
| 999 |
_c38485 _d38485 |
||